000 00995nam a2200277Ia 4500
001 Para_10032
003 CHAP
008 220125sOctu xx 000 0 und d
010 _a208683
040 _cCHAP
090 _aPA CD - TESIS 114
100 _aWalcott Linton, Gregory
_9175095
245 _aResistencia al Glifosato de un biotipo de Eleusine indica (L) Gaerth proveniente de Yecapixtla, Morelos, México /
_c Gregory Walcott Linton; Director J. Antonio Tafoya Razo
260 _aChapingo, Méx. :
_b el autor
300 _a1 CDS ROM (38 p.)
502 _aTesis (Ing. Agr. Esp. en Parasitología Agrícola). UACh. Departamento Parasitología Agrícola
700 _aTafoya Razo, J. Antonio. Director
_9171337
710 _aUACh. Departamento Parasitología Agrícola
_9164025
901 _aPA CD - TESIS 114
902 _aM
905 _a513220Octubre, 2011 abmn8100000000 06
910 _aOctu
942 _cPARA
942 _cPARA
_d2
999 _c208683
_d208683